Analog VLSI and neural systems (Record no. 3567)

000 -LEADER
fixed length control field 00595nam a2200229 a 4500
001 - CONTROL NUMBER
control field 3567
003 - CONTROL NUMBER IDENTIFIER
control field BD-DhUET
008 - FIXED-LENGTH DATA ELEMENTS--GENERAL INFORMATION
fixed length control field 0
020 ## - INTERNATIONAL STANDARD BOOK NUMBER
International Standard Book Number 0201059924
040 ## - CATALOGING SOURCE
Original cataloging agency DLC
Transcribing agency 0
Modifying agency BD-DhUET
050 00 - LIBRARY OF CONGRESS CALL NUMBER
Item number .
082 00 - DEWEY DECIMAL CLASSIFICATION NUMBER
Classification number 623.95
Item number MEA/1989
100 ## - MAIN ENTRY--PERSONAL NAME
Personal name Mead, Carver
245 10 - TITLE STATEMENT
Title Analog VLSI and neural systems
Statement of responsibility, etc. by Carver Mead
250 ## - EDITION STATEMENT
Edition statement 1st ed
260 ## - PUBLICATION, DISTRIBUTION, ETC. (IMPRINT)
Place of publication, distribution, etc. New York
Name of publisher, distributor, etc. Addison-Wesley
Date of publication, distribution, etc. 1989
300 ## - PHYSICAL DESCRIPTION
Extent xxii, 371 p., 8 p. of plates
Other physical details ill. (some col.)
Dimensions 24 cm.
490 1# - SERIES STATEMENT
Series statement Addison-Wesley VLSI systems series
504 ## - BIBLIOGRAPHY, ETC. NOTE
Bibliography, etc Includes bibliographies
650 #0 - SUBJECT ADDED ENTRY--TOPICAL TERM
Topical term or geographic name as entry element Neural computers
942 ## - ADDED ENTRY ELEMENTS (KOHA)
Koha item type General Book
Holdings
Copy number Date acquired Shelving location Koha item type Not for loan Damaged status Koha normalized classification for sorting Koha issues (times borrowed) Price effective from Lost status Withdrawn status Sublocation or collection (holding branch) Koha date last borrowed Koha date last seen Piece designation (barcode) Location (home branch) Koha full call number Source of classification or shelving scheme
12014-11-02Circulation sectionGeneral Book  623_000000000000000_95MEA198912014-11-02  Central Library, BUET2021-09-272021-09-2790935Central Library, BUET623.95/MEA/1989 
22014-11-02Circulation sectionGeneral Book  623_000000000000000_95MEA198912014-11-02  Central Library, BUET2021-09-272021-09-2790944Central Library, BUET623.95/MEA/1989 
32014-11-02Circulation sectionGeneral Book  623_000000000000000_95MEA198912014-11-02  Central Library, BUET2021-09-272021-09-2790934Central Library, BUET623.95/MEA/1989 
42014-11-02Circulation sectionGeneral Book  623_000000000000000_95MEA198912014-11-02  Central Library, BUET2021-09-272021-09-2790936Central Library, BUET623.95/MEA/1989 
52014-11-02Circulation sectionGeneral Book  623_000000000000000_95MEA198912014-11-02  Central Library, BUET2021-09-272021-09-2790942Central Library, BUET623.95/MEA/1989 
62014-11-02Circulation sectionGeneral Book  623_000000000000000_95MEA1989 2014-11-02  Central Library, BUET 2014-11-0290945Central Library, BUET623.95/MEA/1989 
72014-11-02Circulation sectionGeneral Book  623_000000000000000_95MEA1989132014-11-02  Central Library, BUET2025-10-282025-11-0390946Central Library, BUET623.95/MEA/1989 
82014-11-09Circulation sectionGeneral Book  623_000000000000000_95MEA198912014-11-09  Central Library, BUET2021-09-272021-09-2790943Central Library, BUET623.95/MEA/1989 
92015-06-27Reading sectionRental Item  623_950000000000000_MEA_1989 2015-06-27  Central Library, BUET 2015-06-2790932Central Library, BUET623.95/MEA/1989 
102015-06-27Reading sectionReading Item  623_950000000000000_MEA_1989 2015-06-27  Central Library, BUET 2015-06-2790933Central Library, BUET623.95/MEA/1989